Capitals of Island Nations - Statistics

General Stats
  • This quiz has been taken 49 times
  • The average score is 38 of 54
Answer Stats
country capital % Correct
United Kingdom London
98%
Indonesia Jakarta
93%
Philippines Manila
93%
Cuba Havana
90%
Jamaica Kingston
90%
Taiwan Taipei
90%
Japan Tokyo
90%
New Zealand Wellington
90%
Ireland Dublin
88%
Bahamas Nassau
88%
Cyprus Nicosia
88%
Papua New Guinea Port Moresby
88%
Malta Valletta
88%
Seychelles Victoria
88%
Timor-Leste Dili
86%
Maldives Malé
86%
Haiti Port-au-Prince
86%
Sri Lanka Colombo
83%
Iceland Reykjavik
83%
São Tomé and Príncipe São Tomé
83%
Madagascar Antananarivo
81%
Barbados Bridgetown
81%
Dominican Republic Santo Domingo
81%
Singapore Singapore
81%
St Lucia Castries
79%
Cabo Verde Praia
79%
Fiji Suva
79%
St Vincent and the Grenadines Kingstown
76%
Mauritius Port Louis
76%
Trinidad and Tobago Port-of-Spain
76%
Antigua and Barbuda St John's
76%
Grenada St George's
74%
Dominica Roseau
71%
Samoa Apia
69%
Brunei Bandar Seri Begawan
69%
Tuvalu Funafuti
69%
Tonga Nukuʻalofa
69%
Vanuatu Port Vila
69%
Solomon Islands Honiara
67%
Bahrain Manama
64%
Comoros Moroni
64%
St Kitts and Nevis Basseterre
62%
Nauru Yaren
62%
Micronesia Palikir
60%
Kiribati South Tarawa
60%
Palau Ngerulmud
55%
Marshall Islands Majuro
50%
Greenland Nuuk
38%
Faroe Islands Tórshavn
19%
Curaçao Willemstad
17%
Cook Islands Avarua
14%
Aruba Oranjestad
14%
Niue Alofi
12%
Sint Maartin Philipsburg
10%
No matching quizzes found
Score Distribution
Percent of People with Each Score
Percentile by Number Answered
Your Score History
You have not taken this quiz